[Event "Open"]
[Site "Mosca RUS"]
[Date "2007.02.04"]
[Round "9"]
[White "Yakovich, Yur"]
[Black "Korotylev, A."]
[Result "1/2-1/2"]
[WhiteElo "2577"]
[BlackElo "2615"]
[PlyCount "90"]
[EventDate "2007.01.27"]
[Source "www.chesslib.no"]
[SourceDate "2004.05.04"]

1. d4 Nf6 2. c4 g6 3. Nc3 Bg7 4. e4 d6 5. Be2 O-O 6. Bg5 h6 7. Be3 c5 8. dxc5 Qa5 9. Bd2 Qxc5 10. Nf3 Bg4 11. O-O Nc6 12. Be3 Qa5 13. Nd2 Bxe2 14. Qxe2 Rfc8 15. Rac1 Nd7 16. Rfd1 Nc5 17. a3 Na4 18. Ndb1 Qa6 19. Rc2 Nxc3 20. Nxc3 Kh7 21. Rdc1 b6 22. h3 Qb7 23. Nd5 e6 24. Nc3 a6 25. Na4 Nd4 26. Bxd4 Bxd4 27. Qd3 Be5 28. Nc3 Rc6 29. a4 Rac8 30. b3 Rc5 31. Ne2 Qc7 32. b4 Rc6 33. Nd4 Bxd4 34. Qxd4 a5 35. b5 Rc5 36. Qf6 Kg8 37. Rd1 Re5 38. Rcd2 Rxe4 39. Rxd6 Re1+ 40. Rxe1 Qxd6 41. Re4 Qd8 42. Qxd8+ Rxd8 43. c5 bxc5 44. Rc4 Rd1+ 45. Kh2 Ra1 1/2-1/2

[Event "Paks"]
[Site "?"]
[Date "2006.08.04"]
[Round "7"]
[White "Acs Peter"]
[Black "Almasi Zoltan"]
[Result "1/2-1/2"]
[WhiteElo "2520"]
[BlackElo "2672"]
[PlyCount "84"]
[EventDate "2006.??.??"]
[Source "www.chesslib.no"]
[SourceDate "2004.05.04"]

1. d4 Nf6 2. c4 g6 3. Nc3 Bg7 4. e4 d6 5. Be2 O-O 6. Bg5 Na6 7. Qd2 Qe8 8. h4 e5 9. d5 Nc5 10. Bxf6 Bxf6 11. h5 Qe7 12. b4 Bg5 13. Qc2 Nd7 14. Nf3 a5 15. b5 Nc5 16. g3 Bf6 17. O-O-O Bg4 18. Nh4 Bd7 19. Kb1 Bxh4 20. Rxh4 g5 21. Rh2 f5 22. f3 h6 23. Na4 Nxa4 24. Qxa4 fxe4 25. fxe4 Rf6 26. Qa3 b6 27. Qe3 Raf8 28. Rg1 R8f7 29. Rgg2 Qf8 30. Kc2 Kg7 31. Kd2 Qc8 32. Rf2 Bg4 33. Rxf6 Rxf6 34. Rf2 Rxf2 35. Qxf2 Qd7 36. Ke3 Bxe2 37. Qxe2 Qh3 38. Qf3 g4 39. Qf5 Qxg3+ 40. Ke2 Qg2+ 41. Ke3 Qg3+ 42. Ke2 Qg2+ 1/2-1/2

[Event "CRO Team Ch"]
[Site "Tucepi"]
[Date "1996.??.??"]
[Round "?"]
[White "Horvath, Csaba"]
[Black "Almasi, Zoltan"]
[Result "1/2-1/2"]
[WhiteElo "2540"]
[BlackElo "2650"]
[PlyCount "59"]
[EventDate "1996.??.??"]
[Source "www.chesslib.no"]
[SourceDate "2004.05.04"]

1. d4 Nf6 2. c4 g6 3. Nc3 Bg7 4. e4 d6 5. Be2 O-O 6. Bg5 Na6 7. f3 e5 8. d5 Qe8 9. g4 h5 10. h4 Nc5 11. b4 Na6 12. a3 c6 13. Qd2 Nc7 14. O-O-O cxd5 15. cxd5 Bd7 16. Kb2 a5 17. Bxf6 Bxf6 18. gxh5 axb4 19. axb4 Na6 20. hxg6 fxg6 21. Nh3 Nxb4 22. Rdg1 Kf7 23. Ng5+ Ke7 24. Nh7 Rf7 25. Nxf6 Rxf6 26. h5 Qd8 27. hxg6 Qb6 28. Rh7+ Kd8 29. Rh8+ Ke7 30. Rh7+ 1/2-1/2

[Event "WchT 3rd"]
[Site "Luzern"]
[Date "1993.??.??"]
[Round "3"]
[White "Petursson, Margeir"]
[Black "Dolmatov, Sergey"]
[Result "1/2-1/2"]
[WhiteElo "2560"]
[BlackElo "2630"]
[PlyCount "74"]
[EventDate "1993.10.??"]
[Source "ChessBase"]

1. d4 Nf6 2. c4 g6 3. Nc3 Bg7 4. e4 d6 5. Be2 O-O 6. Bg5 Na6 7. Qd2 e5 8. d5 c6 9. f3 cxd5 10. cxd5 Bd7 11. Bb5 Bxb5 12. Nxb5 Qb6 13. Nc3 Nc5 14. b3 Nh5 15. Be3 Nf4 16. g3 Nfd3+ 17. Kf1 Qa6 18. Kg2 b5 19. Nh3 b4 20. Nd1 f5 21. Ndf2 fxe4 22. Nxe4 Nxe4 23. fxe4 Rac8 24. Rhf1 Rc3 25. Rxf8+ Bxf8 26. Rf1 Qc8 27. Qd1 Nc5 28. Bxc5 Qxc5 29. Qg4 Qc8 30. Qh4 Rc2+ 31. Rf2 Rxf2+ 32. Nxf2 Qc2 33. Qf6 Qxa2 34. Qe6+ Kg7 35. Qd7+ Kg8 36. Qe6+ Kg7 37. Qd7+ Kg8 1/2-1/2

[Event "Moscow RUS"]
[Site "?"]
[Date "2005.02.22"]
[Round "8"]
[White "Yakovich Yuri"]
[Black "Inarkiev Ernesto"]
[Result "1-0"]
[WhiteElo "2585"]
[BlackElo "2602"]
[PlyCount "87"]
[EventDate "2005.??.??"]
[Source "www.chesslib.no"]
[SourceDate "2004.05.04"]

1. d4 g6 2. e4 Bg7 3. c4 d6 4. Nc3 Nf6 5. Be2 O-O 6. Bg5 h6 7. Be3 Nbd7 8. f3 c6 9. Nh3 a6 10. Qd2 Kh7 11. Nf2 b5 12. O-O bxc4 13. Bxc4 Nb6 14. Bd3 a5 15. Qe2 Nfd7 16. f4 c5 17. d5 Nf6 18. Rad1 a4 19. a3 Bb7 20. g4 Qc8 21. h4 Ba6 22. h5 Bxd3 23. hxg6+ fxg6 24. Rxd3 e6 25. dxe6 Qxe6 26. Bc1 Rae8 27. Qf3 c4 28. Rdd1 Qe7 29. Be3 Nbd7 30. Qg2 Rb8 31. Rd2 Rb3 32. Rfd1 Ne8 33. e5 Nb8 34. Nfe4 dxe5 35. Bc5 Qf7 36. Bxf8 Qxf8 37. fxe5 Bxe5 38. Rf1 Qg7 39. g5 h5 40. Qf3 Rb7 41. Nf6+ Bxf6 42. gxf6 Qf7 43. Ne4 Rb5 44. Qe3 1-0

[Event "Muenchen"]
[Site "?"]
[Date "2000.??.??"]
[Round "?"]
[White "Korchnoi, V."]
[Black "Xie, Jun"]
[Result "1-0"]
[WhiteElo "2620"]
[BlackElo "2565"]
[PlyCount "57"]
[EventDate "2000.??.??"]
[Source "Chess Informant"]
[SourceDate "2000.06.01"]

1. d4 Nf6 2. c4 g6 3. Nc3 Bg7 4. e4 d6 5. Be2 O-O 6. Bg5 Na6 7. f4 c6 8. Nf3 Nc7 9. Bh4 d5 10. e5 Ne4 11. O-O Ne6 12. g3 f6 13. cxd5 cxd5 14. Qb3 g5 15. fxg5 fxg5 16. Nxe4 gxh4 17. Nc3 hxg3 18. hxg3 Nc7 19. Bd3 Bh6 20. Kg2 Bf5 21. Bxf5 Rxf5 22. Rh1 Bg7 23. Qc2 Qd7 24. g4 Rf7 25. Qxh7+ Kf8 26. Qh4 Ne6 27. Ng5 Nxg5 28. Qxg5 Rc8 29. Rh7 1-0

[Event "Bad Homburg"]
[Site "?"]
[Date "1997.??.??"]
[Round "?"]
[White "Alterman, B."]
[Black "Kindermann, S."]
[Result "1-0"]
[WhiteElo "2615"]
[BlackElo "2570"]
[PlyCount "53"]
[EventDate "1997.??.??"]
[Source "ChessBase"]
[SourceDate "1997.06.01"]

1. d4 Nf6 2. c4 g6 3. Nc3 Bg7 4. e4 d6 5. Be2 O-O 6. Bg5 Na6 7. h4 c5 8. d5 Nc7 9. h5 e6 10. Qd2 b5 11. cxb5 exd5 12. exd5 Bb7 13. O-O-O Qd7 14. Bh6 Rfe8 15. Bxg7 Kxg7 16. Nf3 Qe7 17. hxg6 fxg6 18. Ng5 h6 19. Ne6+ Nxe6 20. Qxh6+ Kf7 21. dxe6+ Qxe6 22. Qf4 Qf5 23. Bc4+ d5 24. Nxd5 Bxd5 25. Bxd5+ Nxd5 26. Qxf5+ gxf5 27. Rxd5 1-0

[Event "Elista ol (Men)"]
[Site "Elista"]
[Date "1998.10.12"]
[Round "13"]
[White "Beliavsky, Alexander G"]
[Black "Yurtaev, Leonid"]
[Result "1-0"]
[WhiteElo "2645"]
[BlackElo "2540"]
[PlyCount "103"]
[EventDate "1998.09.29"]
[Source "ChessBase"]
[SourceDate "1998.11.06"]

1. d4 Nf6 2. c4 g6 3. Nc3 Bg7 4. e4 d6 5. Be2 O-O 6. Bg5 h6 7. Be3 c5 8. dxc5 Qa5 9. Bd2 dxc5 10. e5 Nh7 11. f4 Nc6 12. Nf3 Bf5 13. O-O Rad8 14. Qe1 Rd7 15. Qf2 Qd8 16. Be3 Nd4 17. Rfd1 Nxe2+ 18. Qxe2 b6 19. Rxd7 Qxd7 20. Rd1 Qb7 21. Qd2 Re8 22. Qd5 Qc8 23. Nb5 Be6 24. Qd3 Bg4 25. Kf2 g5 26. h3 Bxf3 27. Kxf3 gxf4 28. Bxf4 Nf8 29. Kg3 Ng6 30. Qe4 Nxf4 31. Kxf4 a6 32. Nc3 e6 33. Rd6 f6 34. Qc6 fxe5+ 35. Ke3 Qxc6 36. Rxc6 e4 37. Rxb6 Bxc3 38. bxc3 Kf7 39. Kxe4 Kf6 40. Rc6 Rd8 41. Rxc5 Rd2 42. g4 Re2+ 43. Kd3 Rxa2 44. Rh5 a5 45. c5 a4 46. Rxh6+ Ke7 47. Rh7+ Kd8 48. Kc4 a3 49. Kb3 Ra1 50. g5 a2 51. h4 e5 52. Kb2 1-0

[Event "Hastings ENG"]
[Site "Hastings ENG"]
[Date "1992.??.??"]
[Round "7"]
[White "Bareev, Evgeny I"]
[Black "Polgar, Judit"]
[Result "0-1"]
[WhiteElo "2635"]
[BlackElo "2550"]
[PlyCount "87"]
[EventDate "1992.??.??"]
[Source "www.chesslib.no"]
[SourceDate "2004.05.04"]

1. d4 Nf6 2. c4 g6 3. Nc3 Bg7 4. e4 d6 5. Be2 O-O 6. Bg5 Na6 7. h4 c5 8. d5 Nc7 9. Qd2 e6 10. e5 dxe5 11. d6 Nce8 12. O-O-O Qd7 13. h5 b5 14. cxb5 Bb7 15. Bh6 Qxd6 16. Qg5 Bxh6 17. Qxh6 Qe7 18. Qg5 Ng7 19. Bf3 e4 20. Nxe4 Bxe4 21. Bxe4 h6 22. Qe3 Nxe4 23. Qxe4 g5 24. Ne2 a6 25. bxa6 Rxa6 26. a3 Qf6 27. f4 Rb8 28. Qe5 Qxe5 29. fxe5 Ra4 30. Nc3 Rg4 31. Rd2 Nf5 32. Re1 Ng3 33. Red1 Kg7 34. Rd8 Rxd8 35. Rxd8 Ne4 36. Nxe4 Rxe4 37. Rd3 Rxe5 38. a4 Kf8 39. Kd2 Ke7 40. Re3 Kd7 41. Rh3 Kc6 42. a5 Kb5 43. b3 Kxa5 44. Kd3 0-1

[Event "TCh-CRO"]
[Site "Rabac"]
[Date "2004.09.06"]
[Round "2"]
[White "Horvath, Csaba"]
[Black "Kozul, Zdenko"]
[Result "1/2-1/2"]
[WhiteElo "2546"]
[BlackElo "2630"]
[PlyCount "41"]
[EventDate "2004.06.21"]
[Source "Roberto Alvarez"]
[SourceDate "2004.09.21"]

1. d4 Nf6 2. c4 g6 3. Nc3 Bg7 4. e4 d6 5. Be2 O-O 6. Bg5 Nbd7 7. f3 e5 8. d5 h6 9. Be3 Nh5 10. Qd2 f5 11. exf5 gxf5 12. O-O-O f4 13. Bf2 b6 14. Bd3 Nc5 15. Bc2 a5 16. Nge2 Qe8 17. Nb5 Na6 18. Nec3 Qf7 19. Qd3 Bf5 20. Qxf5 Qxf5 21. Bxf5 1/2-1/2

[Event "Europa ch 2008"]
[Site "Plovdiv BUL"]
[Date "2008.04.29"]
[Round "8.31"]
[White "Vitiugov, Nikita"]
[Black "Nevednichy, Vladislav"]
[Result "1-0"]
[WhiteElo "2617"]
[BlackElo "2558"]
[PlyCount "143"]
[EventDate "2008.04.21"]
[Source "www.chesslib.no"]
[SourceDate "2004.05.04"]

1. d4 Nf6 2. c4 d6 3. Nc3 g6 4. e4 Bg7 5. Be2 O-O 6. Bg5 h6 7. Be3 Nbd7 8. Qc2 c6 9. Nf3 e5 10. d5 c5 11. Nd2 Nb6 12. a3 a5 13. h3 Ne8 14. g4 a4 15. h4 Bd7 16. Nf1 Nc7 17. Ng3 Nc8 18. O-O-O b5 19. cxb5 Qe8 20. Nxa4 Nxb5 21. Bxb5 Bxb5 22. Nc3 Bd7 23. Qe2 Ne7 24. h5 g5 25. Kd2 Qb8 26. Rb1 Qb3 27. Rhc1 Rfb8 28. Ke1 Nc8 29. Nf1 Qb7 30. Nd2 Na7 31. a4 Nc8 32. b3 Bf6 33. Nc4 Bd8 34. Bd2 Ba5 35. Nd1 Bxd2+ 36. Nxd2 Qc7 37. Ne3 Rb4 38. Rc4 Rb7 39. Rbc1 Qd8 40. Qf3 Rab8 41. R4c3 Rb4 42. Ra1 Kg7 43. Rc4 R4b7 44. Qd1 Ne7 45. Qc2 Qc8 46. f3 Qd8 47. Nd1 Nc8 48. Nf2 Ra7 49. Rb1 Nb6 50. Rc3 Rba8 51. Nd3 Qf6 52. Ke2 Bc8 53. Ra1 Bd7 54. Nf1 Kh7 55. Ne3 Kg7 56. Kf2 Qd8 57. Nb2 Qf6 58. Kg2 Qd8 59. Rd3 Qf6 60. Qc3 Ra6 61. Rdd1 R6a7 62. Ra3 Ra6 63. Rda1 Qf4 64. b4 cxb4 65. Qxb4 Rc8 66. Qe1 Ra7 67. a5 Rac7 68. Nd3 Rc2+ 69. Nf2 Bxg4 70. Nxc2 Rxc2 71. axb6 Bxh5 72. Qe3 1-0

[Event "60th ch-RUS Higher League"]
[Site "Krasnoyarsk RUS"]
[Date "2007.09.05"]
[Round "3"]
[White "Korotylev, A."]
[Black "Chuprov, D."]
[Result "1-0"]
[WhiteElo "2616"]
[BlackElo "2554"]
[PlyCount "81"]
[EventDate "2007.09.03"]
[Source "www.chesslib.no"]
[SourceDate "2004.05.04"]

1. d4 Nf6 2. c4 g6 3. Nc3 Bg7 4. e4 d6 5. Be2 O-O 6. Bg5 Na6 7. f4 c6 8. Nf3 d5 9. Bxf6 exf6 10. exd5 cxd5 11. Nxd5 Nc7 12. Nc3 Bg4 13. Qd2 Bxf3 14. Bxf3 Re8+ 15. Ne2 f5 16. O-O Ne6 17. Rad1 Rc8 18. b3 b6 19. d5 Nc5 20. Nd4 Qd6 21. Nb5 Qd7 22. Rfe1 a6 23. Nd4 a5 24. Nb5 h5 25. d6 Rxe1+ 26. Rxe1 Bf8 27. g3 Rd8 28. Qd5 Re8 29. Rd1 h4 30. Kg2 Ne4 31. Qd4 Nc5 32. Rd2 Re1 33. Qf2 Ra1 34. Qe2 Ne4 35. Bxe4 fxe4 36. Qxe4 Qg4 37. Qe2 h3+ 38. Kf2 Qf5 39. d7 Qc5+ 40. Kf3 Qg1 41. d8=Q 1-0

[Event "Vienna op"]
[Site "Vienna"]
[Date "1996.??.??"]
[Round "9"]
[White "Maksimenko, Andrei"]
[Black "Tkachiev, Vladislav"]
[Result "1/2-1/2"]
[WhiteElo "2545"]
[BlackElo "2620"]
[PlyCount "94"]
[EventDate "1996.08.??"]
[Source "ChessBase"]

1. d4 Nf6 2. c4 g6 3. Nc3 Bg7 4. e4 d6 5. Be2 O-O 6. Bg5 a6 7. Qd2 c5 8. dxc5 dxc5 9. Qxd8 Rxd8 10. e5 Nfd7 11. e6 Nf6 12. exf7+ Kxf7 13. Be3 Bf5 14. Nf3 Nc6 15. Bxc5 h6 16. Bb6 Rd7 17. O-O Ne4 18. Rac1 Nb4 19. Na4 Nxa2 20. Rcd1 Nb4 21. Nd4 Bxd4 22. Bxd4 Nc2 23. Be3 Rxd1 24. Rxd1 Nxe3 25. fxe3 Rc8 26. b4 Rc7 27. g4 Bd7 28. Nb6 Nc3 29. Rxd7 Nxe2+ 30. Kf2 Rxd7 31. Nxd7 Nc3 32. Kf3 Na2 33. b5 axb5 34. cxb5 Nc3 35. b6 Na4 36. h4 Ke6 37. Nf8+ Kf7 38. Nd7 g5 39. hxg5 hxg5 40. Ke4 Ke6 41. Nf8+ Kf7 42. Nh7 Nxb6 43. Nxg5+ Kg6 44. Nf3 Nd7 45. Kd5 Nf6+ 46. Ke6 Nxg4 47. Kxe7 Nxe3 1/2-1/2

[Event "London"]
[Site "?"]
[Date "1994.??.??"]
[Round "?"]
[White "Petursson, M."]
[Black "Nunn, J."]
[Result "0-1"]
[WhiteElo "2540"]
[BlackElo "2625"]
[PlyCount "140"]
[EventDate "1994.??.??"]
[Source "ChessBase"]
[SourceDate "1994.10.01"]

1. d4 Nf6 2. c4 g6 3. Nc3 Bg7 4. e4 d6 5. Be2 O-O 6. Bg5 Na6 7. Qd2 e5 8. d5 Qe8 9. Bd3 Bd7 10. Nge2 Nc5 11. Bc2 a5 12. f3 h5 13. h3 Nh7 14. Be3 h4 15. g4 Qe7 16. Rg1 f6 17. f4 Bh6 18. O-O-O a4 19. Qe1 g5 20. f5 Rfd8 21. Kb1 Nf8 22. Rc1 Qe8 23. Qd2 Ra6 24. Rgd1 Nh7 25. Qe1 Rb6 26. Ng1 Bf8 27. Nf3 Ra8 28. Qe2 Qb8 29. Ne1 Qa7 30. Nd3 Qa5 31. Qd2 Be8 32. Ka1 Be7 33. Qe1 Nf8 34. Nxc5 dxc5 35. d6 Rxd6 36. Nd5 Bd8 37. Qxa5 Rxa5 38. Rd3 Nd7 39. Ra3 c6 40. Nc3 b5 41. cxb5 cxb5 42. Nd5 Bf7 43. Rd1 Bxd5 44. Rad3 Nb6 45. Bxc5 Rc6 46. Bb4 Ra8 47. Bb1 Bxe4 48. Rxd8+ Rxd8 49. Rxd8+ Kf7 50. Bxe4 Rc4 51. Ba5 Rxe4 52. b3 Re3 53. Bxb6 Rxh3 54. bxa4 bxa4 55. Rd7+ Ke8 56. Rd8+ Ke7 57. Rh8 a3 58. Bd8+ Kf7 59. Kb1 Kg7 60. Re8 Rd3 61. Kc2 Rd4 62. Bb6 Rxg4 63. Re7+ Kg8 64. Ra7 h3 65. Ra8+ Kg7 66. Ra7+ Kh6 67. Ra8 Rg2+ 68. Kd3 Kh5 69. Rh8+ Kg4 70. Bd8 h2 0-1

[Event "Lausanne YM Pool B"]
[Site "Lausanne"]
[Date "1999.05.13"]
[Round "3"]
[White "Leitao, Rafael"]
[Black "Kasimdzhanov, Rustam"]
[Result "1-0"]
[WhiteElo "2559"]
[BlackElo "2606"]
[PlyCount "71"]
[EventDate "1999.05.??"]
[Source "ChessBase"]
[SourceDate "1999.08.01"]

1. d4 Nf6 2. c4 g6 3. Nc3 Bg7 4. e4 d6 5. Be2 O-O 6. Bg5 Na6 7. Qd2 e5 8. d5 Qe8 9. Bd1 Bd7 10. Nge2 Nc5 11. Bc2 a5 12. O-O Nh5 13. Rae1 b6 14. b3 f5 15. exf5 gxf5 16. f3 Bf6 17. Bxf6 Nxf6 18. f4 e4 19. Nd4 Rf7 20. a3 a4 21. b4 Nb3 22. Bxb3 axb3 23. Qb2 Rg7 24. Nd1 Qg6 25. Ne3 Nh5 26. Qxb3 Qf6 27. Qc3 Rf8 28. Rf2 Qh4 29. Ne2 Rf6 30. g3 Rfg6 31. Rg2 Qh3 32. a4 Nf6 33. a5 h5 34. Kh1 h4 35. Ng1 Qxg2+ 36. Kxg2 1-0

[Event "Bad Homburg"]
[Site "Bad Homburg"]
[Date "1996.??.??"]
[Round "2"]
[White "Boensch, Uwe"]
[Black "Movsesian, Sergei"]
[Result "1/2-1/2"]
[WhiteElo "2525"]
[BlackElo "2635"]
[PlyCount "86"]
[EventDate "1996.07.20"]
[Source "ChessBase"]

1. d4 Nf6 2. c4 g6 3. Nc3 Bg7 4. e4 d6 5. Be2 O-O 6. Bg5 c6 7. Qd2 a6 8. Rd1 b5 9. a3 Ra7 10. h3 bxc4 11. Bxc4 Nxe4 12. Nxe4 d5 13. Bd3 dxe4 14. Bxe4 c5 15. d5 Qb6 16. Ne2 Qxb2 17. Qxb2 Bxb2 18. Rb1 Be5 19. O-O Bd6 20. Nc3 Nd7 21. Bc2 Ne5 22. Ne4 Bf5 23. Nxd6 Bxc2 24. Rb7 Rxb7 25. Nxb7 f6 26. Rc1 Be4 27. Nxc5 Bxd5 28. Bf4 Nc4 29. Nxa6 Nxa3 30. Rc7 Re8 31. Rc3 Nb5 32. Rc5 Bb7 33. Nc7 Nxc7 34. Rxc7 Bd5 35. h4 Kf7 36. Bd6 h6 37. Ba3 Ke6 38. f3 g5 39. hxg5 fxg5 40. Kf2 Kf6 41. Rd7 Bc6 42. Rc7 Ba8 43. Ra7 Bd5 1/2-1/2